000
002060000a22000970004500
100
1
_a
Stock, Kent
245
1
0
_a
Homes like my own
300
_a
Núm 51 (1996), Páginas 15
773
0
_t
Together
942
_c
ANA
999
_c
57184
_d
57184